000 00637nam a22002297a 4500
005 20220328141644.0
008 220328b ||||| |||| 00| 0 eng d
020 _a812200458X
040 _cAloy
041 _aeng
082 _223
_a305.23
_bKRIR
100 _aSumi Krishna
_926304
245 _aRestoring childhood
260 _aDelhi
_bKonark Publishers Pvt Ltd
_c1996
300 _axxvii,236 p.
_bHB
_c22x15 cm.
365 _2Sociology
_b300.00
_c
_d300.00
650 _aManners and Customs
_926305
650 _aSocialization
_926306
650 _aChild Rearing
_926307
700 _aKRISHNA (Sumi)
_926308
942 _2ddc
_cGF
999 _c222057
_d222057